01875nam a2200445 a 450000100060000000300080000600500170001400600190003100700150005000800410006502000180010603500230012403500240014703500250017103500210019604000260021705000220024308000200026508000190028508200140030424504130031826001060073130000110083749000170084853301640086565000300102965000150105965000280107465000270110265000270112965000160115665000260117265000200119865500270121870000340124570000340127970000350131371000190134885600620136731512FlNmELB20241216220650.0m o d | cr cn|||||||||201209r2011 sp |||||s|||||||||||spa d z9788436949209 a(MiAaPQ)EBC3200575 a(Au-PeEL)EBL3200575 a(CaPaEBR)ebr10577146 a(OCoLC)820824562 aFlNmELBbspacFlNmELB 4aLB2806bL714 2011 a371.11(0.034.4) a373.5(0.034.4)04a371.222203aEl liderazgo educativoh[recurso electronico] :blos equipos directivos en centros de Secundaria, elementos básicos del éxito escolar /cMinisterio de Educación, Instituto de Formación del Profesorado, Investigación e Innovación Educativa (IFIIE) ; [dirección editorial, Joaquín Gairín Sallán ; coordinación, M Ĵosé Gómez Mate ; autores, Manuel Álvarez Fernández... (et al.)]. a[Madrid] :bMinisterio de Educación, Subdirección General de Publicaciones Oficiales,cD.L. 2011. a280 p.0 aInnovación aRecurso electrónico. Santa Fe, Arg.: e-libro, 2015. Disponible vía World Wide Web. El acceso puede estar limitado para las bibliotecas afiliadas a e-libro. 4aAdministración escolar. 4aLiderazgo. 4aEnseñanza secundaria. 4aArchivos de ordenador. 4aSchool administrators. 4aLeadership. 4aEducation, Secondary. 4aComputer files. 4aLibros electrónicos.1 aGairín Sallán, Joaquín.1 aGómez Mate, María José.1 aÁlvarez Fernández, Manuel.2 ae-libro, Corp.40uhttps://elibro.net/ereader/politecnicointernacional/49312